Kết cấu gạch đá và gạch đá cốt thép

Uloženo v:
Podrobná bibliografie
Hlavní autor: Trịnh Kim Đạm
Médium: Kniha
Jazyk:Undetermined
Vydáno: H. KHKT 2001
Témata:
Tagy: Přidat tag
Žádné tagy, Buďte první, kdo otaguje tento záznam!
Thư viện lưu trữ: Trung tâm Học liệu Trường Đại học Cần Thơ
LEADER 00516nam a2200181Ia 4500
001 CTU_52415
008 210402s9999 xx 000 0 und d
020 |b 18000 
082 |a 624.183 
082 |b Đ104 
100 |a Trịnh Kim Đạm 
245 0 |a Kết cấu gạch đá và gạch đá cốt thép 
245 0 |c Trịnh Kim Đạm 
260 |a H. 
260 |b KHKT 
260 |c 2001 
650 |a ferrocement,beton,concrete contruction 
980 |a Trung tâm Học liệu Trường Đại học Cần Thơ